[Event "Tournament 14471 - Europe Echecs"]
[Site "Europe Echecs"]
[Date "2020.07.09"]
[Round "6"]
[Time "16:36:13"]
[PlyCount "119"]
[White "DupuisEsteban"]
[Black "DelGiovaneFabi"]
[WhiteElo "1234"]
[BlackElo "1629"]
[Mode "WEB"]
[Result "0-1"]

1. e4 d5 2. exd5 Qxd5 3. Nc3 Qa5 4. Bc4 Nf6 5. d3 Bg4 6. Nf3 Nbd7 7. Bd2 c6 8.
O-O Qh5 9. Re1 O-O-O 10. h3 Bxf3 11. Qxf3 Qxf3 12. gxf3 e6 13. Bf4 Nb6 14. Bb3
Nfd5 15. Nxd5 exd5 16. Bg5 f6 17. Bh4 Bd6 18. Rac1 Rhe8 19. c4 dxc4 20. dxc4 Bf4
21. Rcd1 Rxd1 22. Rxd1 Re2 23. c5 Nd7 24. Rd4 Be5 25. Rd3 Nxc5 26. Re3 Rxb2 27.
Bg8 h6 28. Bg3 Bxg3 29. fxg3 Rd2 30. Re7 Rd7 31. Re3 Kc7 32. Rc3 b6 33. Ra3 a5
34. g4 Rd3 35. Rxd3 Nxd3 36. h4 Ne5 37. Kg2 c5 38. Kg3 c4 39. f4 c3 40. Bb3 Nc6
41. g5 hxg5 42. hxg5 fxg5 43. f5 Kd6 44. Kg4 Ke5 45. Kxg5 Nd4 46. Bd1 c2 47.
Bxc2 Nxc2 48. Kg6 Nd4 49. a4 Nxf5 50. Kf7 g5 51. Kg6 g4 52. Kg5 g3 53. Kg6 g2
54. Kf7 g1=Q 55. Ke8 Qg8+ 56. Kd7 Qf7+ 57. Kc6 Nd4+ 58. Kxb6 Qe6+ 59. Kc5 Qc6# {DupuisEsteban est échec et mat} 0-1

[Event "Tournament 14471 - Europe Echecs"]
[Site "Europe Echecs"]
[Date "2020.07.09"]
[Round "6"]
[Time "16:36:13"]
[PlyCount "140"]
[White "MateriaMatteo"]
[Black "RoumeguereGabi"]
[WhiteElo "1595"]
[BlackElo "1365"]
[Mode "WEB"]
[Result "1-0"]

1. e4 c5 2. c3 Nc6 3. d4 cxd4 4. cxd4 d5 5. exd5 Qxd5 6. Nf3 e6 7. Nc3 Bb4 8.
Bd3 Nf6 9. O-O Qd8 10. h3 O-O 11. Be3 Nd5 12. Qc2 h6 13. a3 Ba5 14. b4 Bb6 15.
Ne4 Nf6 16. Nc5 Bd7 17. Nxb7 Qc7 18. Nc5 Rac8 19. Qb2 Nd5 20. Rac1 Qd6 21. Rfe1
Nf6 22. Ba6 Rb8 23. Qd2 Nd5 24. Bd3 Nf6 25. Bf4 Qe7 26. Bxb8 Rxb8 27. Qf4 Rd8
28. Bb1 Bc8 29. Qe3 Qd6 30. Qc3 Nxd4 31. Nxd4 Qxd4 32. Qxd4 Rxd4 33. Red1 Rd5
34. Ba2 Rxd1+ 35. Rxd1 Bxc5 36. bxc5 Bb7 37. Bb1 Kf8 38. Rc1 Ke7 39. c6 Bc8 40.
Bc2 Kd6 41. Ba4 Nd5 42. Kf1 Kc7 43. Ke2 Ba6+ 44. Kf3 Nb6 45. Bb3 Nd5 46. Bxd5
exd5 47. Re1 Kd6 48. c7 Bc8 49. Rc1 f6 50. Ke3 g6 51. Kd4 f5 52. Rc5 g5 53.
Rxd5+ Kxc7 54. Ra5 Kb6 55. Rc5 Bb7 56. Rxf5 Bxg2 57. Rf6+ Ka5 58. Rxh6 Ka4 59.
Rh7 a5 60. Rh5 Kxa3 61. Rxg5 Bxh3 62. Rxa5+ Kb4 63. Rc5 Kb3 64. f4 Bd7 65. f5
Kb4 66. f6 Be6 67. Rc6 Ba2 68. Rc7 Kb5 69. f7 Bxf7 70. Rxf7 {RoumeguereGabi a abandonné} 1-0

[Event "Tournament 14471 - Europe Echecs"]
[Site "Europe Echecs"]
[Date "2020.07.09"]
[Round "6"]
[Time "16:36:13"]
[PlyCount "66"]
[White "BerthouJules"]
[Black "RavenelTangi"]
[WhiteElo "1390"]
[BlackElo "1463"]
[Mode "WEB"]
[Result "1-0"]

1. b3 d5 2. e3 c5 3. Bb2 Nc6 4. c4 d4 5. Nf3 e5 6. d3 Bg4 7. Be2 Nf6 8. Nbd2 Be7
9. Qc2 Nb4 10. Qd1 Bf5 11. e4 Be6 12. Nxe5 Qc7 13. Nef3 Nh5 14. O-O Nf4 15. Ne1
Bd6 16. g3 Ng6 17. f4 Bh3 18. Rf2 Qe7 19. Bf1 Qe6 20. f5 Qf6 21. fxg6 Qxg6 22.
Bxh3 Bxg3 23. hxg3 Qxg3+ 24. Bg2 h5 25. Qf3 Qg6 26. Qf5 Qg3 27. Qxf7+ Kd8 28. a3
Nxd3 29. Nxd3 Qxd3 30. Qd5+ Ke8 31. Rf7 Qe3+ 32. Kh1 Qh3+ 33. Bxh3 {RavenelTangi a abandonné} 1-0

[Event "Tournament 14471 - Europe Echecs"]
[Site "Europe Echecs"]
[Date "2020.07.09"]
[Round "6"]
[Time "16:36:13"]
[PlyCount "53"]
[White "MeyssirelTom"]
[Black "BrehautCarl"]
[WhiteElo "1333"]
[BlackElo "1960"]
[Mode "WEB"]
[Result "0-1"]

1. c4 e5 2. Nc3 Bb4 3. e3 Bxc3 4. bxc3 f5 5. d4 e4 6. c5 Nf6 7. Bc4 d5 8. cxd6
cxd6 9. d5 O-O 10. Ne2 Nbd7 11. Bb3 Ne5 12. O-O Nfg4 13. h3 Qh4 14. Nd4 Rf6 15.
f3 exf3 16. Nxf3 Nxf3+ 17. Qxf3 Ne5 18. Qe2 Rg6 19. Kh2 Qg3+ 20. Kh1 Bd7 21. e4
fxe4 22. Qxe4 Bxh3 23. Rg1 Rg4 24. Qe2 Rh4 25. Rf1 Bxg2+ 26. Kg1 Rh1# {MeyssirelTom est échec et mat} 0-1

[Event "Tournament 14471 - Europe Echecs"]
[Site "Europe Echecs"]
[Date "2020.07.09"]
[Round "6"]
[Time "16:36:13"]
[PlyCount "99"]
[White "ChevillonCelia"]
[Black "LecciaThomas"]
[WhiteElo "1433"]
[BlackElo "1893"]
[Mode "WEB"]
[Result "0-1"]

1. e4 e6 2. d4 d5 3. exd5 exd5 4. Bd3 Nc6 5. c3 Bd6 6. h3 Nge7 7. Nf3 Bf5 8. Be3
Qd7 9. Qc2 O-O-O 10. Nbd2 Rde8 11. O-O-O Bg6 12. Rde1 Nf5 13. Nb3 Nxe3 14. fxe3
Bg3 15. Re2 f5 16. Nc5 Qd6 17. Bxf5+ Bxf5 18. Qxf5+ Kb8 19. e4 g6 20. Qg4 h5 21.
Qd7 Qf4+ 22. Kb1 Rd8 23. Qe6 Rd6 24. Nd3 Qf8 25. Qxd6 Qxd6 26. e5 Qe6 27. Ng5
Qf5 28. Re3 Qxg5 29. Rf3 h4 30. Rhf1 b6 31. Rf6 Qd2 32. Nc1 Ne7 33. Nb3 Qxg2 34.
Rf7 Nf5 35. Rc1 Bf4 36. Rd1 Qxh3 37. e6 Qe3 38. e7 Nxe7 39. Rg7 g5 40. Nc1 Nf5
41. Rf7 Ng3 42. a3 Ne2 43. Nxe2 Qxe2 44. Rh1 Qe4+ 45. Ka2 Qxh1 46. Kb3 Qd1+ 47.
Kb4 a5+ 48. Kb5 Qb3+ 49. Ka6 Qc4# {ChevillonCelia est échec et mat} 0-1

[Event "Tournament 14471 - Europe Echecs"]
[Site "Europe Echecs"]
[Date "2020.07.09"]
[Round "6"]
[Time "16:36:13"]
[PlyCount "148"]
[White "BagAyoub"]
[Black "PerardJouaultE"]
[WhiteElo "1467"]
[BlackElo "1791"]
[Mode "WEB"]
[Result "1-0"]

1. d4 Nf6 2. Nf3 g6 3. Bf4 Bg7 4. e3 O-O 5. Bd3 d6 6. Bg3 Nbd7 7. O-O Qe8 8. e4
e5 9. dxe5 Nxe5 10. Nxe5 dxe5 11. Nd2 Qe7 12. Qe2 Nh5 13. Nc4 Nxg3 14. hxg3 Rd8
15. Ne3 c6 16. Bc4 Be6 17. Rad1 f6 18. Bxe6+ Qxe6 19. Qc4 Kf7 20. c3 Qxc4 21.
Nxc4 b6 22. f3 Ke6 23. Kf2 Bf8 24. Ke2 Be7 25. b3 Rxd1 26. Rxd1 Rd8 27. Rxd8
Bxd8 28. Ne3 Be7 29. Kd3 Bc5 30. Nc2 Bf2 31. g4 h5 32. gxh5 gxh5 33. Nb4 Kd6 34.
a4 a5 35. Na2 c5 36. c4 Bd4 37. Nc1 Ke6 38. Ne2 Kf7 39. Ng3 Kg6 40. Nf5 Kg5 41.
g3 Bg1 42. Ke2 Bd4 43. Kf1 Bc3 44. Nd6 h4 45. gxh4+ Kxh4 46. Nc8 Kg5 47. Nxb6 f5
48. Ke2 fxe4 49. fxe4 Bd4 50. Nc8 Kf6 51. Kd3 Ke6 52. Nb6 Bf2 53. Nd5 Kd6 54.
Ke2 Bh4 55. Kf3 Be1 56. Kg4 Bf2 57. Kf5 Bd4 58. Kf6 Bc3 59. Kf7 Be1 60. Kf6 Bh4+
61. Kf5 Be1 62. Ne3 Bd2 63. Ng4 Bc3 64. Kf6 Bd4 65. Kf7 Bc3 66. Ke8 Bb4 67. Kd8
Bd2 68. Kc8 Ke6 69. Kc7 Bf4 70. Kc6 Kf7 71. Kxc5 Kg6 72. Kd5 Kg5 73. Nxe5 Bxe5
74. Kxe5 {PerardJouaultE a abandonné} 1-0

[Event "Tournament 14471 - Europe Echecs"]
[Site "Europe Echecs"]
[Date "2020.07.09"]
[Round "6"]
[Time "16:36:13"]
[PlyCount "40"]
[White "DimeyGabertQue"]
[Black "PoussetRaphael"]
[WhiteElo "1758"]
[BlackElo "1452"]
[Mode "WEB"]
[Result "1-0"]

1. d4 Nf6 2. c4 g6 3. Nc3 Bg7 4. Nf3 O-O 5. Bg5 d6 6. e3 Nc6 7. Nd2 e5 8. dxe5
Nxe5 9. Be2 Be6 10. O-O Qd7 11. f4 Nc6 12. e4 Rad8 13. Qc2 h6 14. Bh4 Nd4 15.
Qd3 Nxe2+ 16. Nxe2 Qc6 17. f5 Bc8 18. Nf4 g5 19. Nd5 gxh4 20. Ne7+ {PoussetRaphael a abandonné} 1-0

[Event "Tournament 14471 - Europe Echecs"]
[Site "Europe Echecs"]
[Date "2020.07.09"]
[Round "6"]
[Time "16:36:13"]
[PlyCount "102"]
[White "GardeGuillaume"]
[Black "BeurierNathan"]
[WhiteElo "1716"]
[BlackElo "1429"]
[Mode "WEB"]
[Result "1-0"]

1. e4 e5 2. Nf3 Nc6 3. Bc4 Bc5 4. c3 d6 5. d4 exd4 6. cxd4 Bb4+ 7. Nc3 Bxc3+ 8.
bxc3 Nf6 9. O-O O-O 10. Bg5 h6 11. Bxf6 Qxf6 12. Bd3 Bg4 13. Be2 Qg6 14. Nh4
Bxe2 15. Nxg6 Bxd1 16. Nxf8 Bg4 17. f3 Bc8 18. Rab1 Kxf8 19. Rb2 b6 20. f4 Bb7
21. d5 Na5 22. Rb4 Re8 23. Kf2 Ba6 24. Re1 Bc4 25. a3 Bd3 26. Ke3 Ba6 27. Kf3
Nb7 28. Rd4 Nc5 29. Re3 Nb3 30. Rd1 Nc5 31. g4 g6 32. Rde1 Kg7 33. h3 Bd3 34. h4
f6 35. f5 g5 36. hxg5 hxg5 37. a4 Kf7 38. a5 b5 39. a6 Bc4 40. Rd1 Ra8 41. Rd4
Nxa6 42. Rd1 Nc5 43. Rc1 a5 44. Rh1 Kg7 45. Rh2 b4 46. Re1 b3 47. Reh1 Rg8 48.
Rh7+ Kf8 49. Rxc7 a4 50. Rhh7 b2 51. Rc8# {BeurierNathan est échec et mat} 1-0

[Event "Tournament 14471 - Europe Echecs"]
[Site "Europe Echecs"]
[Date "2020.07.09"]
[Round "6"]
[Time "16:36:13"]
[PlyCount "86"]
[White "DameAxel"]
[Black "ToussaintFlore"]
[WhiteElo "1709"]
[BlackElo "1391"]
[Mode "WEB"]
[Result "1-0"]

1. Nf3 d5 2. c4 Nf6 3. cxd5 Nxd5 4. Nc3 Nc6 5. g3 Bg4 6. Bg2 e6 7. O-O Be7 8. b3
O-O 9. Bb2 Nxc3 10. Bxc3 Bf6 11. Bxf6 Qxf6 12. Qc2 Rad8 13. d3 Bxf3 14. Bxf3 Nd4
15. Qxc7 Nxf3+ 16. exf3 Qxf3 17. Rfd1 Rc8 18. Qe5 Rc2 19. Qe1 Rfc8 20. Rd2 h6
21. d4 Qc3 22. Rxc2 Qxe1+ 23. Rxe1 Rxc2 24. a4 Rd2 25. Rc1 Rxd4 26. Rc7 Rb4 27.
Rc3 Kh7 28. Kg2 Kg6 29. f4 Kf6 30. Kf3 e5 31. fxe5+ Kxe5 32. h3 f5 33. Rd3 g5
34. Rc3 Kd4 35. Re3 h5 36. h4 g4+ 37. Kf2 a5 38. Ke2 b5 39. axb5 Rxb5 40. Kf2
Rb4 41. Ke2 a4 42. bxa4 Rb3 43. Rxb3 {ToussaintFlore a abandonné} 1-0

[Event "Tournament 14471 - Europe Echecs"]
[Site "Europe Echecs"]
[Date "2020.07.09"]
[Round "6"]
[Time "16:36:13"]
[PlyCount "98"]
[White "LaouamriSamy"]
[Black "LevyTheo"]
[WhiteElo "1669"]
[BlackElo "1375"]
[Mode "WEB"]
[Result "1-0"]

1. e4 e6 2. d4 d5 3. Bd3 c5 4. exd5 Qxd5 5. Nc3 Qxd4 6. Nf3 Qb4 7. a3 Qb6 8. Bf4
Nf6 9. Nb5 Na6 10. Bc4 Bd7 11. Nd6+ Bxd6 12. Qxd6 Qxd6 13. Bxd6 Ne4 14. Bf4 b5
15. Bd3 Nf6 16. Ne5 c4 17. Be2 O-O 18. Nxd7 Nxd7 19. O-O Rfd8 20. Bf3 Rac8 21.
Bb7 Ndc5 22. Bxc8 Rxc8 23. Rad1 b4 24. axb4 Nxb4 25. Bd6 Nxc2 26. Bxc5 h6 27.
Bxa7 Nb4 28. Rc1 Nd3 29. Rc2 Nb4 30. Rc3 Nd3 31. b3 Ra8 32. Be3 Ne5 33. bxc4 g5
34. h3 Kh7 35. c5 g4 36. hxg4 Nxg4 37. Bf4 e5 38. Bg3 f5 39. f3 f4 40. fxg4 fxg3
41. Rf5 Kg6 42. Rxg3 e4 43. Re3 Ra4 44. Re5 Kf6 45. R3xe4 Ra3 46. Re6+ Kg5 47.
c6 Kh4 48. Rxh6+ Kg3 49. Rh3# {LevyTheo est échec et mat} 1-0

[Event "Tournament 14471 - Europe Echecs"]
[Site "Europe Echecs"]
[Date "2020.07.09"]
[Round "6"]
[Time "16:36:13"]
[PlyCount "58"]
[White "GhazaryanGurge"]
[Black "ChaumetEtienne"]
[WhiteElo "1403"]
[BlackElo "1639"]
[Mode "WEB"]
[Result "1-0"]

1. e4 c5 2. Nf3 Nc6 3. d4 cxd4 4. Nxd4 e5 5. Nb5 d6 6. N1c3 a6 7. Na3 Be7 8. Be3
Nf6 9. f3 O-O 10. Be2 b5 11. Nd5 Nxd5 12. exd5 Nb8 13. Qd2 Bb7 14. O-O-O Nd7 15.
g4 Rc8 16. Kb1 Nf6 17. g5 Nxd5 18. h4 Nxe3 19. Qxe3 Qc7 20. Bd3 d5 21. h5 b4 22.
g6 h6 23. gxf7+ Rxf7 24. Rdg1 Bc5 25. Qxh6 Bxg1 26. Rxg1 e4 27. fxe4 dxe4 28.
Bc4 bxa3 29. Qxg7# {ChaumetEtienne est échec et mat} 1-0

[Event "Tournament 14471 - Europe Echecs"]
[Site "Europe Echecs"]
[Date "2020.07.09"]
[Round "6"]
[Time "16:36:13"]
[PlyCount "92"]
[White "BousmahaLeila"]
[Black "CarrollAlden"]
[WhiteElo "1638"]
[BlackElo "1370"]
[Mode "WEB"]
[Result "1-0"]

1. e4 e5 2. Nf3 Nc6 3. Nc3 Bc5 4. Nxe5 Bxf2+ 5. Kxf2 Nxe5 6. d4 Qf6+ 7. Kg1 Nc6
8. Be3 d6 9. Nd5 Qd8 10. Bc4 Nf6 11. Bg5 Be6 12. h3 h6 13. Nxf6+ gxf6 14. Bxe6
fxg5 15. Qh5 Qe7 16. d5 Nd4 17. Bg4 Nxc2 18. Rc1 Ne3 19. Bf3 O-O-O 20. Kf2 f5
21. Kxe3 fxe4 22. Qg4+ Kb8 23. Qxe4 Qf6 24. Kd3 Qxb2 25. Qc4 Qa3+ 26. Rc3 Qc5
27. Qxc5 dxc5 28. Rxc5 Rd6 29. Rhc1 c6 30. Ke2 cxd5 31. Bxd5 Re8+ 32. Kf2 Rf6+
33. Kg3 Re3+ 34. Bf3 a6 35. Rc8+ Ka7 36. R1c7 Rb6 37. Rh8 a5 38. Rhh7 Ka6 39.
Rxb7 Rxf3+ 40. Kxf3 Rxb7 41. Rxh6+ Rb6 42. Rh5 Rb5 43. h4 a4 44. Rxg5 Rb6 45.
Re5 a3 46. Re3 {CarrollAlden a abandonné} 1-0

[Event "Tournament 14471 - Europe Echecs"]
[Site "Europe Echecs"]
[Date "2020.07.09"]
[Round "6"]
[Time "16:36:13"]
[PlyCount "146"]
[White "GrimaultLeane"]
[Black "CostaSavelliTh"]
[WhiteElo "1622"]
[BlackElo "1315"]
[Mode "WEB"]
[Result "1-0"]

1. c4 e5 2. Nc3 Nf6 3. Nf3 Nc6 4. e4 Bb4 5. d3 d6 6. g3 Bc5 7. Bg2 Bg4 8. O-O
O-O 9. h3 Be6 10. a3 a6 11. b4 Ba7 12. Nd5 Bd4 13. Nxd4 Nxd4 14. Be3 c6 15.
Nxf6+ Qxf6 16. f3 Rad8 17. f4 c5 18. Rb1 Rb8 19. fxe5 Qxe5 20. Bf4 Nf3+ 21. Qxf3
Qd4+ 22. Kh2 cxb4 23. axb4 b5 24. c5 Rbd8 25. Bxd6 Rxd6 26. cxd6 Qxd6 27. Qe3
Rd8 28. Rfd1 Ba2 29. Rb2 Be6 30. d4 Bc4 31. e5 Qe6 32. Rbd2 Qe7 33. Qa3 h6 34.
Qxa6 Qxb4 35. d5 Qc3 36. Qb6 Re8 37. d6 Qxe5 38. d7 Rf8 39. d8=Q Rxd8 40. Rxd8+
Kh7 41. Qc6 Qb2 42. Qe4+ g6 43. Qe8 Qg7 44. R1d7 b4 45. Qg8+ Qxg8 46. Rxg8 Kxg8
47. Rb7 b3 48. Bc6 Kg7 49. Ba4 Bd5 50. Rb6 Be4 51. Bxb3 Bf5 52. Rb7 Kf6 53.
Rxf7+ Ke5 54. Kg2 Be6 55. Bxe6 Kxe6 56. Ra7 Kf6 57. Ra5 Kf7 58. Ra6 Kg7 59. Kf3
h5 60. Kf4 Kh6 61. h4 Kg7 62. Kg5 Kh7 63. Ra7+ Kg8 64. Kxg6 Kf8 65. Rb7 Ke8 66.
Kf6 Kd8 67. Ke6 Kc8 68. Rh7 Kd8 69. Rg7 Kc8 70. Kd6 Kb8 71. Kc6 Ka8 72. Kb6 Kb8
73. Rg8# {CostaSavelliTh est échec et mat} 1-0

[Event "Tournament 14471 - Europe Echecs"]
[Site "Europe Echecs"]
[Date "2020.07.09"]
[Round "6"]
[Time "16:36:13"]
[PlyCount "125"]
[White "CourjalJuliett"]
[Black "DeshaiesClemen"]
[WhiteElo "1388"]
[BlackElo "1600"]
[Mode "WEB"]
[Result "0-1"]

1. e4 c5 2. Nc3 d6 3. g3 Nf6 4. Bg2 g6 5. d3 Bg7 6. f4 Nc6 7. Nf3 O-O 8. O-O a6
9. h3 b5 10. g4 b4 11. Ne2 e6 12. Ng3 Bb7 13. f5 exf5 14. exf5 Re8 15. g5 Nd7
16. f6 Bf8 17. h4 Nde5 18. h5 Nxf3+ 19. Bxf3 gxh5 20. Bxh5 Ne5 21. Ne4 d5 22.
Nf2 d4 23. Ng4 Qd5 24. Nh6+ Bxh6 25. Bf3 Nxf3+ 26. Rxf3 Qxf3 27. Qxf3 Bxf3 28.
gxh6 Re1+ 29. Kf2 Rxc1 30. Rxc1 Bh5 31. Rg1+ Bg6 32. Rg5 Rc8 33. Re5 Kf8 34. Kf3
Rc6 35. Rd5 Rxf6+ 36. Ke2 Rc6 37. Rd8+ Ke7 38. Ra8 f6 39. Kd2 f5 40. c3 dxc3+
41. bxc3 bxc3+ 42. Kxc3 f4 43. Ra7+ Kf6 44. Ra8 Ke5 45. Rf8 Rf6 46. Rxf6 Kxf6
47. Kd2 Ke5 48. Ke2 Kd4 49. Kf3 Bxd3 50. Kxf4 c4 51. a4 c3 52. a5 c2 53. Kg5
c1=Q+ 54. Kf6 Qc7 55. Kg5 Qe5+ 56. Kg4 Bg6 57. Kf3 Qe4+ 58. Kf2 Qe3+ 59. Kg2 Ke4
60. Kh1 Qe2 61. Kg1 Kf3 62. Kh1 Qg2# {CourjalJuliett est échec et mat} 0-1

[Event "Tournament 14471 - Europe Echecs"]
[Site "Europe Echecs"]
[Date "2020.07.09"]
[Round "6"]
[Time "16:36:13"]
[PlyCount "45"]
[White "ThibousLeo"]
[Black "CiarlettaUlyss"]
[WhiteElo "1380"]
[BlackElo "1599"]
[Mode "WEB"]
[Result "0-1"]

1. Nf3 d5 2. e3 Nf6 3. b3 c5 4. Bb2 Nc6 5. c4 d4 6. Bd3 e5 7. exd4 e4 8. d5 Nb4
9. Bxf6 Nxd3+ 10. Ke2 Qxf6 11. Nc3 exf3+ 12. Kxd3 Qd4+ 13. Kc2 Bf5+ 14. d3 fxg2
15. Re1+ Be7 16. Nb5 Qxf2+ 17. Re2 g1=Q 18. Nc7+ Kd7 19. Nxa8 Qxd1+ 20. Kxd1
Qf1+ 21. Re1 Qxd3+ 22. Kc1 Qc2# {ThibousLeo est échec et mat} 0-1

[Event "Tournament 14471 - Europe Echecs"]
[Site "Europe Echecs"]
[Date "2020.07.09"]
[Round "6"]
[Time "16:36:13"]
[PlyCount "83"]
[White "GutcakiDaniil"]
[Black "KorchalovskiiM"]
[WhiteElo "1373"]
[BlackElo "1593"]
[Mode "WEB"]
[Result "0-1"]

1. e4 c6 2. d4 d5 3. Nc3 dxe4 4. Nxe4 Bf5 5. Nc3 Nf6 6. Nf3 e6 7. Bd3 Bxd3 8.
Qxd3 Be7 9. O-O Nbd7 10. Bf4 O-O 11. Rfe1 Nb6 12. Ne4 Nbd5 13. a3 Nxf4 14. Qe3
Nxe4 15. Qxf4 Nf6 16. c3 Bd6 17. Qh4 h6 18. Re3 Nd5 19. Qxd8 Raxd8 20. Re4 Nf6
21. Re2 Rfe8 22. Rae1 Nd5 23. h3 Nf4 24. Rd2 f6 25. c4 e5 26. g3 Nxh3+ 27. Kg2
Ng5 28. Nxg5 hxg5 29. d5 cxd5 30. Rxd5 Bc7 31. Rb5 b6 32. c5 bxc5 33. Rxc5 Bb6
34. Rc2 Rd3 35. Kh3 Red8 36. Ree2 Kf7 37. Kg4 g6 38. f4 gxf4 39. gxf4 R8d4 40.
Rf2 f5+ 41. Kg5 Bd8+ {GutcakiDaniil a abandonné} 0-1

[Event "Tournament 14471 - Europe Echecs"]
[Site "Europe Echecs"]
[Date "2020.07.09"]
[Round "6"]
[Time "16:36:13"]
[PlyCount "71"]
[White "LalondeHugo"]
[Black "ThibousMathis"]
[WhiteElo "1590"]
[BlackElo "1313"]
[Mode "WEB"]
[Result "0-1"]

1. d4 d5 2. Bf4 c5 3. c3 Nc6 4. e3 Nf6 5. Nd2 g6 6. Ngf3 Bg7 7. Be2 O-O 8. O-O
Nd7 9. h3 h6 10. Qb3 e6 11. Bd6 Re8 12. Bxc5 Nxc5 13. dxc5 Bd7 14. Nd4 e5 15.
Nxc6 bxc6 16. Nf3 Rb8 17. Qa3 Qc7 18. Rfd1 f5 19. b4 g5 20. Rd2 Be6 21. Rad1 Bf6
22. Qc1 a5 23. a3 h5 24. Ne1 g4 25. hxg4 hxg4 26. f3 g3 27. Bd3 Qh7 28. Kf1 Qh1+
29. Ke2 Qg1 30. Bb1 e4 31. fxe4 fxe4 32. Nd3 exd3+ 33. Kxd3 Bf5+ 34. e4 Bxe4+
35. Ke2 Qf2# {LalondeHugo est échec et mat} 0-1

[Event "Tournament 14471 - Europe Echecs"]
[Site "Europe Echecs"]
[Date "2020.07.09"]
[Round "6"]
[Time "16:36:13"]
[PlyCount "57"]
[White "LhostisLucie"]
[Black "VasselinLouis"]
[WhiteElo "1265"]
[BlackElo "1590"]
[Mode "WEB"]
[Result "0-1"]

1. e4 e6 2. d4 d5 3. e5 c5 4. c3 Nc6 5. f4 Bd7 6. Nf3 f6 7. Na3 a6 8. Nc2 Be7 9.
Be3 cxd4 10. cxd4 Nh6 11. Bd3 Nb4 12. O-O Nxd3 13. Qxd3 Nf5 14. Bf2 O-O 15. g4
Nh6 16. h3 Bb5 17. Qb3 Bxf1 18. Rxf1 fxe5 19. fxe5 Rc8 20. Ne3 Rxf3 21. Qxb7 Qf8
22. g5 Nf5 23. Nxf5 Rxf5 24. Qxa6 Rc2 25. Qxe6+ Kh8 26. Qxd5 Rfxf2 27. Rxf2
Qxf2+ 28. Kh1 Rc1# {LhostisLucie est échec et mat} 0-1

[Event "Tournament 14471 - Europe Echecs"]
[Site "Europe Echecs"]
[Date "2020.07.09"]
[Round "6"]
[Time "16:36:13"]
[PlyCount "93"]
[White "DarrortNahia"]
[Black "PaiLiuPaul"]
[WhiteElo "1263"]
[BlackElo "1560"]
[Mode "WEB"]
[Result "0-1"]

1. e4 e5 2. Nf3 Nc6 3. d4 exd4 4. Nxd4 Nf6 5. Nc3 Bb4 6. f3 O-O 7. Bd2 Nxd4 8.
Bg5 Ne6 9. Bxf6 Qxf6 10. Qd2 Bxc3 11. Qxc3 Qxc3+ 12. bxc3 f5 13. exf5 Rxf5 14.
Bd3 Re5+ 15. Kd2 Nc5 16. Rhe1 Nxd3 17. cxd3 Rxe1 18. Rxe1 Kf7 19. Ke3 d6 20. Kd4
Bd7 21. Re4 g5 22. f4 c5+ 23. Kc4 b5+ 24. Kb3 Re8 25. Rxe8 Kxe8 26. fxg5 Kf7 27.
a4 bxa4+ 28. Ka3 Kg6 29. h4 Kh5 30. d4 cxd4 31. cxd4 Kxh4 32. d5 Kxg5 33. g3 Kg4
34. Kb4 Kxg3 35. Ka3 h5 36. Kb4 h4 37. Ka3 h3 38. Kb4 h2 39. Ka3 h1=Q 40. Kb4
Qxd5 41. Ka3 Qb5 42. Ka2 Kf3 43. Ka3 Ke3 44. Ka2 Kd2 45. Ka3 Kc1 46. Ka2 Qb2# {DarrortNahia est échec et mat} 0-1

[Event "Tournament 14471 - Europe Echecs"]
[Site "Europe Echecs"]
[Date "2020.07.09"]
[Round "6"]
[Time "16:36:13"]
[PlyCount "64"]
[White "PousAntoine"]
[Black "EboueYuri"]
[WhiteElo "1554"]
[BlackElo "1304"]
[Mode "WEB"]
[Result "1-0"]

1. d4 Nf6 2. c4 e6 3. Nc3 c5 4. d5 exd5 5. cxd5 d6 6. e4 g6 7. f3 Bg7 8. Bg5 O-O
9. Nge2 Na6 10. Ng3 Nc7 11. Be2 Bd7 12. a4 Na6 13. O-O Nb4 14. f4 Qc7 15. e5
dxe5 16. d6 Qb6 17. fxe5 Nh5 18. Bxh5 gxh5 19. Qxh5 Be6 20. Be7 Rfe8 21. Qg5 h6
22. Qf4 Nd3 23. Qd2 Nxe5 24. Nd5 Bxd5 25. Qxd5 Qxb2 26. d7 Nxd7 27. Qxd7 Qb6 28.
Rab1 Qg6 29. Rxb7 f6 30. Nf5 Bh8 31. Bxc5 Rad8 32. Nxh6+ {EboueYuri a abandonné} 1-0

[Event "Tournament 14471 - Europe Echecs"]
[Site "Europe Echecs"]
[Date "2020.07.09"]
[Round "6"]
[Time "16:36:13"]
[PlyCount "54"]
[White "DincovIoan"]
[Black "GalimovAskar"]
[WhiteElo "1549"]
[BlackElo "1278"]
[Mode "WEB"]
[Result "1-0"]

1. e4 e5 2. Nf3 Nc6 3. d4 exd4 4. Nxd4 Bc5 5. Be3 Nf6 6. Nxc6 bxc6 7. Bxc5 d6 8.
Be3 Nxe4 9. Bd3 Nf6 10. O-O Nd5 11. Re1 O-O 12. Nc3 Nxc3 13. bxc3 Be6 14. Qh5 g6
15. Qh6 d5 16. Bg5 f6 17. Be3 Qd6 18. Bd4 c5 19. Be3 c4 20. Be2 Qe5 21. Bd4 Qf5
22. Bf3 g5 23. h3 a5 24. Bg4 Qxc2 25. Bxe6+ Kh8 26. Bxf6+ Rxf6 27. Qxf6# {GalimovAskar est échec et mat} 1-0

[Event "Tournament 14471 - Europe Echecs"]
[Site "Europe Echecs"]
[Date "2020.07.09"]
[Round "6"]
[Time "16:36:13"]
[PlyCount "43"]
[White "TaharountIlyan"]
[Black "PeyquetMaelys"]
[WhiteElo "1547"]
[BlackElo "1257"]
[Mode "WEB"]
[Result "0-1"]

1. e4 d5 2. exd5 Nf6 3. d4 Nxd5 4. c4 Nf6 5. Nc3 c6 6. Nf3 Bf5 7. Be2 e6 8. O-O
Bb4 9. Bd2 O-O 10. a3 Ba5 11. b4 Bc7 12. Ne5 Qxd4 13. Nf3 Qd8 14. Bg5 Nbd7 15.
Bd3 Bg4 16. Ne4 Be5 17. h3 Bxf3 18. Qxf3 Bxa1 19. Nxf6+ Nxf6 20. Bxf6 Bxf6 21.
Qh5 Qxd3 {TaharountIlyan a abandonné} 0-1

[Event "Tournament 14471 - Europe Echecs"]
[Site "Europe Echecs"]
[Date "2020.07.09"]
[Round "6"]
[Time "16:36:13"]
[PlyCount "91"]
[White "KienLancelot"]
[Black "SivasankaranSa"]
[WhiteElo "1528"]
[BlackElo "1216"]
[Mode "WEB"]
[Result "0-1"]

1. e4 e5 2. Nf3 Nc6 3. Bc4 Bc5 4. c3 Nf6 5. d3 d6 6. h3 h6 7. Nbd2 a6 8. Bb3 Be6
9. Nf1 O-O 10. g4 Nh7 11. Ng3 Bxb3 12. Qxb3 Na5 13. Qd1 Nc6 14. Nf5 Ne7 15. N3h4
Ng6 16. Nf3 d5 17. Qe2 dxe4 18. dxe4 Re8 19. Bd2 Nf4 20. Bxf4 exf4 21. Rd1 Qf6
22. Rd3 Ng5 23. Nxg5 hxg5 24. h4 gxh4 25. Rxh4 g6 26. Nh6+ Kg7 27. Rdh3 Rh8 28.
f3 Qb6 29. Qh2 Bg1 30. Qd2 Rad8 31. Qe2 Bf2+ 32. Qxf2 Rd1+ 33. Kxd1 Qxf2 34.
Nf5+ gxf5 35. Rxh8 fxg4 36. fxg4 f3 37. Rh2 Qg1+ 38. Kc2 f2 39. e5 Qxh2 40. Rxh2
f1=Q 41. Rd2 Qf4 42. Rd4 Qxe5 43. Kb3 c5 44. Ra4 Qe6+ 45. Rc4 b5 {KienLancelot a abandonné} 0-1

[Event "Tournament 14471 - Europe Echecs"]
[Site "Europe Echecs"]
[Date "2020.07.09"]
[Round "6"]
[Time "16:36:13"]
[PlyCount "62"]
[White "DaudeAlexandre"]
[Black "BataillePaul"]
[WhiteElo "1518"]
[BlackElo "1198"]
[Mode "WEB"]
[Result "1-0"]

1. e4 d5 2. exd5 Nf6 3. d4 e6 4. dxe6 Bxe6 5. Nf3 Nc6 6. Nc3 Bb4 7. Bb5 Qd6 8.
O-O O-O 9. Ne2 a6 10. Bf4 Qd7 11. c3 Ba5 12. Ba4 b5 13. Bc2 Rfe8 14. Ne5 Bc4 15.
Nxd7 Nxd7 16. Bd3 Bxd3 17. Qxd3 Nf6 18. Bg5 Nd5 19. Nf4 Nxf4 20. Bxf4 f6 21.
Rfe1 Rad8 22. d5 Ne7 23. d6 cxd6 24. Bxd6 Nf5 25. Rxe8+ Rxe8 26. Qd5+ Kh8 27.
Qxf5 Bb6 28. Be7 g6 29. Qxf6+ Kg8 30. Qe6+ Kh8 31. Bf6# {BataillePaul est échec et mat} 1-0

[Event "Tournament 14471 - Europe Echecs"]
[Site "Europe Echecs"]
[Date "2020.07.09"]
[Round "6"]
[Time "16:36:13"]
[PlyCount "32"]
[White "FondratJohan"]
[Black "DoucetPierreAl"]
[WhiteElo "1509"]
[BlackElo "1177"]
[Mode "WEB"]
[Result "1-0"]

1. e4 b6 2. d4 Bb7 3. Bd3 f5 4. f3 fxe4 5. fxe4 Nf6 6. Qe2 d6 7. Nf3 Nbd7 8. O-O
c5 9. c3 Qc7 10. Na3 a6 11. Ng5 h6 12. Ne6 Qc8 13. e5 dxe5 14. dxe5 Nh7 15. Qh5+
g6 16. Qxg6# {DoucetPierreAl est échec et mat} 1-0